00858cam a2200241 a 4500020001500000040000800015082002600023245008400049260005500133300003500188500011600223650003000339650003000369650003100399650003100430650001600461650001600477700002300493710003800516710003800554942000700592999001700599 a0309047803 cDLC a330 NAT 1992 A016 Or.00aJapan's growing technological capability :bimplications for the U.S. economy / aWashington, D.C. :bNational Academy Press,c1992. aviii, 235 p. :bill. ;c23 cm. a"Committee on Japan, Office of Japan Affairs [and] Office of International Affairs, National Research Council." 0aTechnological innovations 0aTechnological innovations 0aHigh technology industries 0aHigh technology industries 0aCompetition 0aCompetition1 aArrison, Thomas S.2 aNational Research Council (U.S.).2 aNational Research Council (U.S.). cEK c12154d12154